000
00329 a2200157 4500
001
56714
020
_a
8573195436
040
_c
Anchieta - Pituba
100
_a
Almeida, Hugo
240
1
0
_a
Meu nome é fogo
_l
por
245
1
0
_a
Meu nome é fogo
300
_a
40
362
0
_a
2007
650
4
_a
Literatura juvenil
942
_c
BK
999
_c
56714
_d
56714